00000000nam##2200000za#4500
0019.589908
003CaOODSP
00520210624195855
007cr |||||||||||
008150406|1992||||xxc|||||o    f|0| 0 fre|d
022 |a1488-5379
040 |aCaOODSP|bfre
041 |aeng
041 |afre
043 |an-cn---
0861 |aFs97-6/1890-PDF
1101 |aCanada. |bMinistère des pêches et des océans.
24510|aLes stades juvéniles: le chaînon manquant en recherche sur les pêches - : |h[ressource électronique]|bRapport d'atelier de travail octobre 1-3, 1991, Bedford Institute of Oceanography, Dartmouth, Nova Scotia / |cÉditeurs, Y. de Lafontaine … [et al.]
260 |aMont-Joli - Québec : |bPêches et Océans Canada |c1992.
300 |a151p.|bfigures, références, tableaux
4901 |aRapport technique canadien des sciences halieutiques et aquatiques|x1488-5379|vN° 1890
500 |aSur la p. de t. : Institut Maurice Lamontagne, Mont Joli, (Québec). Le n° de catalogue et l'ISSN de l'édition imprimée apparaissent dans cette version électronique.
546 |aTextes préliminaires en français et en anglais. Les articles en leurs langues originales.
590 |a14-05-Supp|b2014-02-26
7201 |aDe Lafontaine, Y.
7760#|tJuvenile stages: the missing link in fisheries research : |w(CaOODSP)9.522472
791 |tJuvenile stages: the missing link in fisheries research : |eeng|w(CaOODSP)9.589907
830#0|aRapport technique canadien des sciences halieutiques et aquatiques,|x1488-5379|vN° 1890|w(CaOODSP)9.500270
85640|ahttp://publications.gc.ca|qPDF|s6322 Ko|uhttps://publications.gc.ca/collections/collection_2014/mpo-dfo/Fs97-6-1890.pdf|yN° 1890